1489 1741 1368 1995 1320 1772 1654 1655 1621 1602 1578 1771 1363 1540 1808 1402 1316 1273 1845 1000 1305 1649 1673 1166 1788 1852 1480 1226 1036 1135 1570 1141 1680 1571 1683 1689 1345 1948 1641 1311 1882 1795 1786 1205 1787 1666 1878 1243 1221 1082 1386 1893 1109 1750 1954 1179 1223 1197 1995 1831 1743 1137 1303 1178 1194 1428 1031 1313 1160 1892 1122 1950 1044 1355 1549 1820 1683 1912 1338 1510 1349 1113 1258 1522 1489 1533 1484 1959 1629 1568 1501 1468 1346 1169 1469 1216 1618 1199 1757 BCNSPRNW ULIB Ver.6.0+V

เปลี่ยนเป็นภาษาไทย

Change to English
 แสดงรายละเอียดบรรณานุกรม
  กลับหน้าหลัก

Brief Record : Get Marc (ISO 2709) : E-mail record : QR code < ปิดหน้าต่าง
LEADER : 00000nam 2200000uu 4500
001    13399124567
003     ULIB
008    020711s2558 th a 000 0 tha d
020    9786167687353
060    WY154^bว719ก
100    วิลาวัลย์ อุดมการเกษตร
245    การพยาบาลบุคคลที่มีภาวะช็อก/^cวิลาวัลย์ อุดมการเกษตร
250    พิมพ์ครั้งที่ 2
260    ปทุมธานี :^bมหาวิทยาลัยรังสิต,^c2558
300    101 หน้า;^b25.5 ซม.
650    ผู้ป่วย^xการพยาบาล
945    ^p85^l0^i23190
945    ^p85^l0^i23189
945    ^p85^l0^i23188
945    ^p85^l0^i23187
945    ^p85^l0^i23186
รายการนี้ยังไม่มีแท็ก
คุณยังไม่ได้ล็อกอิน คุณสามารถมีกิจกรรมร่วมกับเว็บไซต์ได้ แต่ต้องล็อกอินก่อน ::
  ล็อกอิน

รายการสื่อสารสนเทศ

ลำดับที่ ประเภท เลขเรียก/บาร์โค้ด สถานที่ สถานะ
1. Book การพยาบาล
หนังสือสำรอง
สถานะ=หนังสือสำรอง
WY154 ว719ก ฉ.1 
  Barcode: 23186
ห้องสมุดวิทยาเขตนครสวรรค์
►ส่วนจัดเก็บหนังสือเก่า นว.
บนชั้น
  ขอยืม
2. Book การพยาบาล
Book การพยาบาล
WY154 ว719ก ฉ.2 
  Barcode: 23187
ห้องสมุดวิทยาเขตนครสวรรค์
►ส่วนจัดเก็บหนังสือเก่า นว.
บนชั้น
  ขอยืม
3. Book การพยาบาล
Book การพยาบาล
WY154 ว719ก ฉ.3 
  Barcode: 23188
ห้องสมุดวิทยาเขตนครสวรรค์
►ส่วนจัดเก็บหนังสือเก่า นว.
บนชั้น
  ขอยืม
4. Book การพยาบาล
Book การพยาบาล
สถานะ=หนังสือเก่า
WY154 ว719ก ฉ.4 
  Barcode: 23189
ห้องสมุดวิทยาเขตนครสวรรค์
►ส่วนจัดเก็บหนังสือเก่า นว.
บนชั้น
  ขอยืม
5. Book การพยาบาล
Book การพยาบาล
WY154 ว719ก ฉ.5 
  Barcode: 23190
ห้องสมุดวิทยาเขตนครสวรรค์
►ส่วนจัดเก็บหนังสือเก่า นว.
บนชั้น
  ขอยืม

รายการใกล้เคียง
    ผู้แต่ง [วิลาวัลย์ อุดมการเกษตร]

    หัวเรื่อง [ผู้ป่วย การพยาบาล]

BibComment


ยังไม่เคยถูกคอมเมนท์

คอมเมนท์ทรัพยากรรายการนี้
  คอมเมนท์: การพยาบาลบุคคลที่..


 Copyright 2026. Bcnsprnw @Library